000
00344 a2200157 4500
001
75563
020
_a
9788574066875
040
_c
Anchieta - Colégio São Paulo
100
_a
Rui de Oliveira
240
1
0
_a
Cartas lunares
_l
por
245
1
0
_a
Cartas lunares
300
_a
71
362
0
_a
2015
650
4
_a
Literatura infantil
942
_c
BK
999
_c
75563
_d
75563